000 00858nam a2200253 a 4500
001 BRCA_8570
005 20190320210331.0
008 180816s1664----gw-a######---#000-0#ger-#
041 _ager
044 _agw
050 4 _aBS199
_b.B535
_c1664
245 1 0 _aBiblia, das ist die gantze heil, schrifft ulten und deuen Testaments deutich D. Martin Luth.
260 _aBittenberg
_bBerlegung balthasar christoph bustens
_c1664
300 _a1 vol. (en varias paginaciones)
_bil.
_c40 cm
500 _aFondo antiguo
500 _aSe encuentra en Caja Fuerte
500 _aW-29
500 _aContiene láminas y 5 mapas
500 _aNota de encuadernación: en piel con tapas de cartón
506 0 _aFondo reservado: para su consulta es necesario credencial de usuario y carta de motivos
650 1 4 _aBiblia
_921462
902 _aLAR
942 _2lcc
_cB
999 _c8233
_d8233